MARC

LEADER 00000nam0a2200000 4500
001 279209
005 20231101235204.0
020 |a RU  |b 86-30521 
035 |a (RuTPU)RU\TPU\book\302487 
090 |a 279209 
100 |a 20141217d1986 k y0rusy5003 ca 
101 0 |a rus 
102 |a UA 
105 |a a z 001zy 
200 1 |a Управление производством в мартеновских цехах  |f В. И. Гранковский [и др.] 
210 |a Киев  |c Технiка  |d 1986 
215 |a 168 с.  |c ил. 
320 |a Библиогр.: с. 161-167 (123 назв.) 
606 1 |a Мартеновские цехи  |x Управление  |x Математические методы  |2 stltpush  |3 (RuTPU)RU\TPU\subj\41112  |9 60930 
610 1 |a организация производства 
610 1 |a управление 
610 1 |a технологические процессы 
610 1 |a оперативное управление 
610 1 |a плавка 
610 1 |a мартеновские печи 
610 1 |a прогнозирование 
675 |a 669.183.2  |z rus  |v 4 
701 1 |a Гранковский  |b В. И. 
701 1 |a Решетник  |b Г. И. 
701 1 |a Буйницкая  |b В. М. 
701 1 |a Погорелов  |b В. Н. 
801 0 |a RU  |b RuMRKP  |c 19950704  |g psbo 
801 1 |a RU  |b 63413507  |c 20141217 
801 2 |a RU  |b 63413507  |c 20180129  |g RCR 
942 |c BK